10 największych miast w Pakistanie - Statystyki

Ogólne statystyki
  • Ten quiz został rozwiązany 46 razy
  • Średni wynik to 4 z 10
Statystyki odpowiedzi
Liczba mieszkańców Nazwa miasta % Poprawnych
1 014 825 Islamabad
97%
14 910 352 Karaczi
89%
11 126 285 Lahaur
47%
2 098 231 Rawalpindi
32%
1 871 843 Multan
29%
1 732 693 Hajdarabad
26%
1 814 557 Peszawar
26%
3 203 846 Fajsalabad
24%
1 001 225 Kweta
16%
2 027 001 Gudźranwala
13%
Nie znaleziono quizów pasujących do podanych kryteriów
Rozkład punktacji
Procent ludzi z każdym wynikiem
Percentyl według liczby udzielonych odpowiedzi
Twoja historia wyników
Nie rozwiązałeś tego quizu